004220000a22001330004500090001700000245008500017041001400102700003400116700003300150100003600183942001300219773003900232999001700271 aASbSeriadas10aAnálisis palinológico de mieles de tres localidades de la Sabana de Bogotá0 aEspañol1 aRangel Ch., J. Orlando9928191 aJiménez, Luis Carlos947941 aBogotá A., R. Giovanni999137 cARTICULO1 tCaldasia345h2q455-465d2001g23 c14380d14380